00470 a2200157 4500003000400000005001700004008004100021020001800062020001900080040000900099082001500108245010100123260002900224300001000253700004900263OSt20230921155343.0230921b |||||||| |||| 00| 0 eng d a9788173049743 a 9788196054694 coclc a934bDHA/P aA Comprehensive history of India Vol. I, Part IbPrehistory of India /cEdited by M K Dhavalikar aIndia :bManohar,c2023. a560 p1 aDhavalikar, M. K.q(Madhukar Keshav),d1930-